000 00536nam a2200193 a 4500
001 8027
003 CO-ViMGA
008 141112s2004 ck r 000 u spa d
040 _aCO-ViMGA
_bspa
_cCO-ViMGA
082 0 4 _aR015.86 J453e
100 1 _aJimenez Arango, Raúl
_97637
245 1 0 _aEscaparate del Bibliófilo :
_bSelección
260 _aBogotá,
_cGaudalupe,
_c1973
300 _a233.p.
590 _aDatos de inventario : 1000001
650 1 4 _aBIBLIOFILIA
_97638
650 1 4 _aMEDICINA - BIBLIOGRAFIA
_97639
942 _2ddc
_cBK
999 _c19849
_d19849